| 000 | 00609nam a2200181Ia 4500 | ||
|---|---|---|---|
| 003 | GCL | ||
| 008 | 140319s9999 xx 000 0 ara d | ||
| 040 |
_aGCL / _cGCL |
||
| 082 | 0 | 4 |
_a612 _bم ع |
| 100 | 1 | _aمحمد سمير سعدالدين | |
| 245 | 1 | 0 |
_aعلم وظائف الاعضاء والجهد البدنى / _cمحمد سمير سعدالدين |
| 300 | _a302 ص | ||
| 490 |
_aالهيئة العامة للاستعلامات _v0 |
||
| 650 | 0 | 4 | _aوظائف الاعضاء |
| 650 | 0 | 4 | _aالكيمياء الفسيولوجية |
| 650 | 0 | 4 | _aالفسيولوجيا الطبية |
| 942 |
_2ddc _cBK |
||
| 999 |
_c47735 _d47735 |
||